Histoire de la révolution francaise
Uloženo v:
| Hlavní autor: | |
|---|---|
| Médium: | Kniha |
| Jazyk: | francouzština |
| Vydáno: |
París
Furne, Jouvet et Cie
1870
|
| Témata: | |
| Tagy: |
Přidat tag
Žádné tagy, Buďte první, kdo vytvoří štítek k tomuto záznamu!
|
MARC
| LEADER | 00000nam a2200000 a 4500 | ||
|---|---|---|---|
| 001 | UCZ1783 | ||
| 003 | CL-VaPUC | ||
| 005 | 20250310123302.0 | ||
| 008 | 950907e18700000FR |||||||||||||||||fre|d | ||
| 999 | |c 238485 |d 238483 | ||
| 040 | |c Pontificia Universidad Católica de Valparaíso | ||
| 082 | 0 | 4 | |a 944.04 |b THI |2 21 |
| 100 | 0 | |a Thiers, M. A |e author |9 345413 | |
| 245 | 1 | 0 | |a Histoire de la révolution francaise |
| 260 | |a París |b Furne, Jouvet et Cie |c 1870 | ||
| 300 | |a v | ||
| 583 | |a last modification |c 20160817 05:33:09 |k Rodrigo Vera | ||
| 650 | 0 | |a Revoluciones |9 324244 |z Europa |x Historia |y Siglo 18 | |
| 651 | |a Francia |x Historia |y Revolución, 1789-1799 |x Obras anteriores a 1900. |9 896499 | ||
| 942 | |c BK |2 ddc | ||
| 945 | |d 19950907 00:00:00 |a rbrito | ||
| 952 | |0 0 |1 0 |4 0 |6 944_040000000000000_THI_1870 |7 0 |8 X |9 248684 |a BIBHIS |b BIBHIS |d 2019-11-18 |h v.6 |i 3120716 |o 944.04 THI 1870 |p 3120716 |r 2024-01-30 |w 2019-11-18 |y BK_X |k HIS | ||
| 952 | |0 0 |1 0 |4 0 |6 944_040000000000000_THI_1870 |7 0 |8 X |9 248685 |a BIBHIS |b BIBHIS |d 2019-11-18 |h v.7 |i 3120724 |o 944.04 THI 1870 |p 3120724 |r 2024-01-30 |w 2019-11-18 |y BK_X |k HIS | ||
| 952 | |0 0 |1 0 |4 0 |6 944_040000000000000_THI_1870 |7 0 |8 X |9 248686 |a BIBHIS |b BIBHIS |d 2019-11-18 |h v.8 |i 3120732 |o 944.04 THI 1870 |p 3120732 |r 2024-01-30 |w 2019-11-18 |y BK_X |k HIS | ||
| 952 | |0 0 |1 0 |4 0 |6 944_040000000000000_THI_1870 |7 0 |8 X |9 248687 |a BIBHIS |b BIBHIS |d 2019-11-18 |h v.9 |i 3120740 |o 944.04 THI 1870 |p 3120740 |r 2024-01-30 |w 2019-11-18 |y BK_X |k HIS | ||
| 952 | |0 0 |1 0 |4 0 |6 944_040000000000000_THI_1870 |7 0 |8 X |9 248688 |a BIBHIS |b BIBHIS |d 2019-11-18 |h v.10 |i 3120759 |o 944.04 THI 1870 |p 3120759 |r 2024-01-30 |w 2019-11-18 |y BK_X |k HIS | ||
| 952 | |0 0 |1 0 |4 0 |6 944_040000000000000_THI_1870 |7 0 |8 X |9 248689 |a BIBHIS |b BIBHIS |d 2019-11-18 |h v.4 |i 3120694 |o 944.04 THI 1870 |p 3120694 |r 2024-01-30 |w 2019-11-18 |y BK_X |k HIS | ||
| 952 | |0 0 |1 0 |4 0 |6 944_040000000000000_THI_1870 |7 0 |8 X |9 248690 |a BIBHIS |b BIBHIS |d 2019-11-18 |h v.5 |i 3120708 |o 944.04 THI 1870 |p 3120708 |r 2024-01-30 |w 2019-11-18 |y BK_X |k HIS | ||